[Event "I Torneo Kuña Arandu 2012"]
[Site "Asunción PAR"]
[Date "2012.06.11"]
[Round "6.3"]
[White "Bachmann, Axel"]
[Black "Sanchez Castillo, Sarai"]
[Result "1-0"]
[WhiteElo "2566"]
[BlackElo "2234"]
[PlyCount "85"]
[EventDate "2012.06.05"]
[EventType "tourn"]
[EventRounds "9"]
[EventCountry "PAR"]
[EventCategory "7"]
[Source "lmi"]
[SourceDate "2012.06.05"]

1. e4 e6 2. Qe2 c5 3. g3 Nc6 4. Bg2 Nge7 5. Nf3 d6 6. c3 Qb6 7. O-O g6 8. d4
cxd4 9. cxd4 Bg7 10. d5 Nb8 11. Na3 O-O 12. Bg5 Re8 13. Qb5 Bd7 14. Qxb6 axb6
15. dxe6 fxe6 16. Nc4 Nc8 17. Rfd1 b5 18. Nxd6 Nxd6 19. Rxd6 Bxb2 20. Rad1 Bc6
21. e5 Rxa2 22. Bf6 Ra1 23. Rxa1 Bxa1 24. Ng5 b4 25. Bxc6 bxc6 26. Rd1 Bb2 27.
Ne4 Ba3 28. Nc5 h6 29. h4 Kf7 30. Rd3 Rc8 31. Kf1 b3 32. Nxb3 Bb4 33. Nd4 c5
34. Nc2 c4 35. Rd4 Nd7 36. Rf4 Bc3 37. Ne3 Kg8 38. Nxc4 Nxf6 39. exf6 Rf8 40.
Nb6 Rxf6 41. Re4 e5 42. Nd5 Rc6 43. Ne7+ 1-0